Elections and democracy in Central America /
Guardado en:
| 主要作者: | |
|---|---|
| 其他作者: | |
| 格式: | Texto |
| 出版: |
Chapel Hill, NC:
University of North Carolina
|
| 主題: | |
| 標簽: |
添加標簽
沒有標簽, 成為第一個標記此記錄!
|
MARC
| LEADER | 00000 a a2200000 04500 | ||
|---|---|---|---|
| 001 | 27490 | ||
| 003 | |||
| 040 | |||
| 020 | |a 0-80-78-1843-7 | ||
| 090 | |a 185100 | ||
| 100 | |a Booth, John Allan | ||
| 245 | |a Elections and democracy in Central America / |c John Allan Booth | ||
| 260 | |a Chapel Hill, NC: |b University of North Carolina | ||
| 300 | |a 214 p |b **no definido** | ||
| 500 | |a Incluye Indice | ||
| 650 | |a ELECCIONES | ||
| 650 | |a DEMOCRACIA | ||
| 650 | |a PARTICIPACION POLITICA | ||
| 650 | |a PARTIDOS POLITICOS | ||
| 650 | |a GOBERNABILIDAD | ||
| 650 | |a PLURALISMO POLITICO | ||
| 650 | |a RECESION ECONOMICA | ||
| 650 | |a CRISIS POLITICA | ||
| 650 | |a PARTIDOS POLITICOS | ||
| 650 | |a ELECCIONES | ||
| 700 | |a ed. |a Seligson, Mitchell A |a ed. | ||
| 999 | |c 10922 |d 10922 | ||



